000 01015nam0a22002651 4500
001 rc\735846
005 20250622113320.0
035 _a(NLR Aleph) 006265891
090 _a6897764
_c6897764
100 _a20040301d1985 |||y0rusy50 ca
101 0 _arus
102 _aRU
105 _aa |||||||||
200 1 _aПрогрессивные методы правки абразивных кругов
_f[В.И. Малышев, В.И. Пилинский, Г.Г. Покладий и др.]
_gПод общ. ред. В.И. Пилинского
210 _aКиев
_cТехнiка
_d1985
215 _a113 с.
_cил.
_d20
300 _aАвт. указаны на обороте тит. л.
320 _aБиблиогр.: с. 110-112 (47 назв.)
701 1 _aМалышев
_bВ.И.
_gВладимир Ильич
702 1 _aПилинский
_bВ.И.
_gВениамин Исакович
_4340
801 0 _aRU
_bNLR
_gpsbo
801 1 _aRU
_bELAR
_2rusmarc
852 _aNLR
_j85-3/10588
942 _cBOOK
980 _aNB